An electrochemical study of polypyrrole based composite conducting polymers and their applications /
Saved in:
| 主要作者: | |
|---|---|
| 格式: | Thesis 圖書 |
| 語言: | English |
| 出版: |
1999.
|
| 主題: | |
| 在線閱讀: | http://studentsrepo.um.edu.my/id/eprint/2158 |
| 標簽: |
添加標簽
沒有標簽, 成為第一個標記此記錄!
|
| LEADER | 01158cam a2200301 a 4500 | ||
|---|---|---|---|
| 001 | u453739 | ||
| 003 | SIRSI | ||
| 008 | 911205s1999 my at 00 1 eng m | ||
| 035 | |a ACJ-2856 | ||
| 040 | |a UMM | ||
| 090 | |a QD382 |b P64Teo | ||
| 091 | |a Microfiche 15036 | ||
| 100 | 1 | 0 | |a Teo, Lay Lian. |
| 245 | 1 | 3 | |a An electrochemical study of polypyrrole based composite conducting polymers and their applications / |c Teo Lay Lian. |
| 260 | |c 1999. | ||
| 300 | |a viii, 125 leaves : |b ill. ; |c 29 cm. | ||
| 500 | |a Microfiche. Kuala Lumpur : University of Malaya Library, 2001. 2 fiches : negative ; 11 x 15 cm. | ||
| 502 | |a Dissertation (M.Sc.) -- Jabatan Kimia, Fakulti Sains, Universiti Malaya, 1999. | ||
| 504 | |a Bibliograpy :leaves 112-119 | ||
| 650 | 0 | |a Polyelectrolytes. | |
| 650 | 0 | |a Polypyrrole | |
| 650 | 0 | |a Electrochemical analysis. | |
| 710 | 2 | 0 | |a Universiti Malaya. |b Jabatan Kimia. |
| 856 | |f IARC:A511969338 |z Click Here for Abstract and Table of Contents | ||
| 856 | 4 | 1 | |u http://studentsrepo.um.edu.my/id/eprint/2158 |
| 948 | |a 30/03/2000 |b 24/03/2004 | ||
| 596 | |a 1 | ||
| 999 | |a QD382 P64TEO |w LC |c 1 |i A508772672 |l STACKS |m P01UTAMA |r Y |s Y |t TESIS |u 11/11/2000 | ||
